000 01209nam a2200265 a 4500
001 000025299
005 20240401203609.0
008 110214s2009 dr a 000 0 spa d
020 _a9993484903
040 _aDO-SdBNP
_bspa
_cBNPHU
082 _a923.57293
_bL965C, 2009
100 1 _aCassá, Roberto,
_d1948-
_910888
245 1 0 _aGregorio Luperón :
_bEl guerrero de la libertad /
_cRoberto Cassá ; ilustraciones Ramiro Manzano.
250 _a3a ed.
260 _aSanto Domingo :
_bTobogan,
_c2009.
300 _a82 p. :
_bil. ;
_c21 cm.
490 1 _aBiografías dominicanas Topogan ;
504 _aBibliografía : p. 67
505 0 _tPortaestandarte de la soberanía --
_tBreve anonimato del joven precoz --
_tDe proscrito a rebelde --
_tGeneral mambí --
_tAzul intransigente --
_tEn búsqueda de la hegemonía --
_tPresidente provisional --
_tDilemas ideológicos y gubernamentales --
_tLa infructuosa búsqueda del equilibrio --
_tEl guerrero vencido.
600 1 0 _aLuperón, Gregorio,
_d1839-1897
_9888
651 4 _aRepública Dominicana
_xBiografías
_91325
700 1 2 _aManzano, Ramiro
_eil.
_9768
830 0 _aBiografías dominicanas Topogan ;
_951826
910 _aValidado. Control de calidad. MFF
999 _c24792
_d24792